The Outsiders Quiz - Statistics

General Stats
  • This quiz has been taken 365 times
  • The average score is 10 of 13
Answer Stats
Hint Answer % Correct
Who is Soda Pop's younger brother? Ponyboy
100%
What are the rich, popular kids called? Soc's
98%
What are the not so wealthy kids called? Greasers
97%
What is the name of Soda Pop's older brother? Darry Curtis
94%
What does Johnny tell Ponyboy to "stay"? Stay Gold
90%
What is the big fight between the two classes of kids called? Rumble
89%
What were Johnny and Ponyboy trying to save from the fire? Children
87%
What book does Ponyboy read to Johnny? Gone with The Wind
87%
How does Dally die? Shot by the cops
86%
Where did Johnny leave the note he wrote to Ponyboy? In the book
47%
What does Ponyboy "dig"? Sunsets
41%
How does Johnny die? Burned, broken back
40%
What does someone yell out when they see Dally die? "He's just a kid"
33%
No matching quizzes found
Score Distribution
Percent of People with Each Score
Percentile by Number Answered
Your Score History
You have not taken this quiz